Kompetence - nejde jen o terminologii

Obsahové vymedzenie pojmu kompetencie. Sústava kompetencií. Spory okolo kompetencií.

Na minha lista:
Detalhes bibliográficos
Formato: Capítulo de Livro
Idioma:tcheco
Assuntos:
Tags: Adicionar Tag
Sem tags, seja o primeiro a adicionar uma tag!

MARC

LEADER 00000naa a2200000 4500
001 r046530
005 20231002104115.8
041 0 |a cze 
044 |a CZ 
245 1 0 |a Kompetence - nejde jen o terminologii 
520 |a Obsahové vymedzenie pojmu kompetencie. Sústava kompetencií. Spory okolo kompetencií. 
610 2 0 |a kompetencie 
610 2 0 |a terminológia 
610 2 0 |a kvalifikácia 
610 2 0 |a zamestnanci 
610 2 0 |a personalistika